000 00775nam a2200265Ia 4500
003 OSt
005 20221005114316.0
006 a|||||r|||| 00| 0
007 ta
008 221004b |||||||| |||| 00| 0 eng d
024 _a59713
037 _cTextual
040 _aCRL
_cCRL
_beng
041 _2eng
_aeng
082 _aV:7, J7-;4
100 _aClark Grahame
110 _aUniversity of Delhi. Faculty of Social Sciences. Department of History
245 0 _aArchaeology and society
_b Reconstructing the prehistoric past.
250 _a3rd
260 _c1957
650 _aHISTORY
700 _aUniversity of Delhi. Faculty of Social Sciences. Department of History
942 _hV:7, J7-;4
_cTEXL
_2cc
999 _c1030916
_d1030916